[Event "Montreal op"]
[Site "Montreal CAN"]
[Date "2001.09.03"]
[Round "5"]
[White "Fortier, Marc-Andre"]
[Black "Malveau, Cedric"]
[Result "1-0"]
[WhiteElo "2121"]
[BlackElo "1905"]
[PlyCount "103"]
[GameId "2160767911546882"]
[EventDate "2001.09.01"]
[EventType "swiss"]
[EventRounds "6"]
[EventCountry "CAN"]

1. e4 d6 2. d4 Nf6 3. Bd3 e5 4. Ne2 Be7 5. O-O O-O 6. c3 c6 7. f4 exf4 8. Nxf4 Re8 9. Nd2 Bf8 10. Qc2 b6 11. Nf3 Ba6 12. c4 Nbd7 13. Re1 Qc7 14. Bd2 c5 15. d5 Ne5 16. Nxe5 dxe5 17. Ne2 h6 18. Ng3 g6 19. Rf1 Qd6 20. Rf3 Bg7 21. Raf1 Kh7 22. h3 Re7 23. Ne2 Rf8 24. g4 Bc8 25. Ng3 Ng8 26. Kg2 f6 27. R3f2 Ref7 28. Qd1 Qd7 29. Kg1 Ne7 30. Bc3 Qe8 31. b4 g5 32. bxc5 bxc5 33. Nf5 Bxf5 34. gxf5 Nc8 35. Rb2 Nd6 36. Qc2 Rb7 37. Rfb1 Rxb2 38. Bxb2 Qh5 39. Ba3 Qxh3 40. Bxc5 Qg3+ 41. Kf1 Nf7 42. Rb3 Qh3+ 43. Qg2 Qxg2+ 44. Kxg2 Rc8 45. Ba3 h5 46. c5 g4 47. d6 Nd8 48. Ba6 Ra8 49. Bb7 Rb8 50. c6 Nxc6 51. Bxc6 Rc8 52. d7 1-0

[Event "Montreal op"]
[Site "Montreal CAN"]
[Date "2001.09.03"]
[Round "5"]
[White "Gilman, Arkadiy"]
[Black "Charbonneau, Anne-Marie"]
[Result "1-0"]
[WhiteElo "2098"]
[BlackElo "1901"]
[PlyCount "133"]
[GameId "2160767911546883"]
[EventDate "2001.09.01"]
[EventType "swiss"]
[EventRounds "6"]
[EventCountry "CAN"]

1. d4 f5 2. g3 Nf6 3. Bg2 e6 4. Nf3 d5 5. O-O c6 6. c4 Bd6 7. b3 O-O 8. Ba3 Bxa3 9. Nxa3 Qe7 10. Nc2 Nbd7 11. Ne5 Nxe5 12. dxe5 Ng4 13. f4 Qc5+ 14. Qd4 Qxd4+ 15. Nxd4 Ne3 16. Rfc1 Nxg2 17. Kxg2 Kf7 18. c5 Bd7 19. b4 a6 20. Nb3 Rfc8 21. h3 Rc7 22. Kf3 Rg8 23. g4 g6 24. a3 Rcc8 25. Na5 Rc7 26. Nb3 Rcc8 27. e3 Rg7 28. Na5 Rc7 29. Ra2 Bc8 30. Rg2 Kf8 31. Rcg1 Rce7 32. Rh2 Rc7 33. Rg3 Rce7 34. g5 Kg8 35. h4 Rc7 36. h5 Rce7 37. Rgh3 gxh5 38. Rxh5 Rc7 39. Nb3 Rcd7 40. Rh6 Rg6 41. Nd4 Rdg7 42. Ke2 Rxh6 43. Rxh6 Rg6 44. Rxg6+ hxg6 45. Kd2 Kf7 46. Kc3 Ke7 47. Kb3 Kd8 48. Ka4 Kc7 49. Ka5 Bd7 50. a4 Bc8 51. b5 axb5 52. axb5 Bd7 53. bxc6 bxc6 54. Ka6 Bc8+ 55. Ka7 Bd7 56. Nc2 Be8 57. Nb4 Bd7 58. Na6+ Kd8 59. Kb6 Bc8 60. Nb4 Bd7 61. Nxc6+ Kc8 62. Ne7+ Kd8 63. Nxg6 Be8 64. Nh4 Bf7 65. g6 Bg8 66. Kb7 Kd7 67. c6+ 1-0

[Event "Montreal op"]
[Site "Montreal CAN"]
[Date "2001.09.03"]
[Round "5"]
[White "Hua, Lefong"]
[Black "Linskiy, Oleg"]
[Result "1/2-1/2"]
[WhiteElo "2269"]
[BlackElo "2466"]
[PlyCount "39"]
[GameId "2160767911546884"]
[EventDate "2001.09.01"]
[EventType "swiss"]
[EventRounds "6"]
[EventCountry "CAN"]

1. c4 e5 2. a3 g6 3. Nc3 Bg7 4. g3 d6 5. Bg2 Nc6 6. d3 Nge7 7. e3 O-O 8. Nge2 Bg4 9. O-O Qd7 10. Nd5 Nxd5 11. cxd5 Ne7 12. Qc2 Rfe8 13. Nc3 Bh3 14. Qb3 Bxg2 15. Kxg2 c6 16. e4 cxd5 17. Nxd5 Nxd5 18. Qxd5 Qc6 19. Qxc6 bxc6 20. Be3 1/2-1/2

[Event "Montreal op"]
[Site "Montreal CAN"]
[Date "2001.09.03"]
[Round "5"]
[White "Masse, Hugues"]
[Black "Larochelle, Martial"]
[Result "1-0"]
[WhiteElo "2157"]
[BlackElo "2123"]
[PlyCount "123"]
[GameId "2160767911546886"]
[EventDate "2001.09.01"]
[EventType "swiss"]
[EventRounds "6"]
[EventCountry "CAN"]

1. e4 c5 2. Nf3 d6 3. d4 cxd4 4. Nxd4 Nf6 5. Nc3 a6 6. Be2 e5 7. Nb3 Be7 8. O-O O-O 9. Kh1 b6 10. Be3 Bb7 11. Bf3 Nbd7 12. Qe2 Rc8 13. Rfd1 b5 14. a3 Rxc3 15. bxc3 Nxe4 16. Bxe4 Bxe4 17. a4 Qa8 18. f3 bxa4 19. Rxa4 Bb7 20. Na5 Bd5 21. Nb3 Nb8 22. Raa1 Rc8 23. Qd2 Be6 24. Na5 Nc6 25. f4 exf4 26. Nxc6 Qxc6 27. Bxf4 Bc4 28. Qe3 Bf8 29. Qg3 Bb5 30. Bxd6 Qxc3 31. Qxc3 Rxc3 32. Bxf8 Kxf8 33. Rd2 g6 34. Kg1 Kg7 35. Kf2 h5 36. Ke1 Rc4 37. Rf2 Ba4 38. Ra2 Bb5 39. Kd2 h4 40. Ra3 Rd4+ 41. Kc3 Rc4+ 42. Kb3 Re4 43. c3 f5 44. Ra1 Kf6 45. Kb2 g5 46. Rd1 Ke5 47. Rd4 Rxd4 48. cxd4+ Ke4 49. d5 Bd7 50. d6 g4 51. g3 hxg3 52. hxg3 Ke5 53. Rd2 f4 54. gxf4+ Kxf4 55. Kc1 g3 56. Kd1 a5 57. Ke2 a4 58. Kf1 a3 59. Rd5 a2 60. Ra5 Bb5+ 61. Kg2 Bc6+ 62. Kg1 1-0

[Event "Montreal op"]
[Site "Montreal CAN"]
[Date "2001.09.03"]
[Round "5"]
[White "Ramaswamy, Kiran"]
[Black "Gauthier, Denis"]
[Result "1/2-1/2"]
[WhiteElo "1971"]
[BlackElo "1899"]
[PlyCount "94"]
[GameId "2160767911546887"]
[EventDate "2001.09.01"]
[EventType "swiss"]
[EventRounds "6"]
[EventCountry "CAN"]

1. c4 Nf6 2. g3 e6 3. Bg2 d5 4. b3 c5 5. Nf3 Nc6 6. O-O Bd6 7. cxd5 exd5 8. d4 O-O 9. Bb2 Re8 10. Nbd2 Bg4 11. Re1 Rc8 12. a3 b6 13. dxc5 bxc5 14. Nf1 Ne5 15. Ne3 Nxf3+ 16. exf3 Be6 17. Bxf6 Qxf6 18. Nxd5 Bxd5 19. Qxd5 Be5 20. Rad1 Bd4 21. Bf1 Red8 22. Qe4 g6 23. Bc4 Kg7 24. Kg2 a5 25. a4 Rc7 26. f4 h5 27. h3 Rdd7 28. g4 Re7 29. Qf3 Rxe1 30. Rxe1 Re7 31. Rxe7 Qxe7 32. f5 h4 33. fxg6 fxg6 34. Qa8 Qf8 35. Qxf8+ Kxf8 36. f4 Ke7 37. Bd3 Kf6 38. g5+ Kf7 39. Kf3 Bc3 40. Kg4 Be1 41. Bxg6+ Kxg6 42. f5+ Kf7 43. Kh5 Bf2 44. Kh6 Be3 45. Kh5 Bf2 46. Kg4 Be1 47. Kf3 Bd2 1/2-1/2

[Event "Montreal op"]
[Site "Montreal CAN"]
[Date "2001.09.03"]
[Round "6"]
[White "Abi Ayad, Zohayr"]
[Black "Ramaswamy, Kishor"]
[Result "0-1"]
[WhiteElo "1715"]
[BlackElo "1972"]
[PlyCount "84"]
[GameId "2160767911546889"]
[EventDate "2001.09.01"]
[EventType "swiss"]
[EventRounds "6"]
[EventCountry "CAN"]

1. e4 c6 2. d4 d5 3. e5 Bf5 4. g4 Be4 5. f3 Bg6 6. h4 h5 7. e6 fxe6 8. Bd3 Bf7 9. g5 g6 10. Ne2 Bg7 11. Nf4 Qd6 12. Bxg6 Bxg6 13. Nxg6 Qg3+ 14. Kf1 Bxd4 15. Qe2 Qd6 16. Nxh8 Bxh8 17. Nc3 Nd7 18. f4 O-O-O 19. Qxh5 Bd4 20. Qe2 Rf8 21. Be3 Bxe3 22. Qxe3 d4 23. Qd2 Rxf4+ 24. Kg2 Rg4+ 25. Kf1 Qg3 26. Nd1 Nc5 27. Nf2 Rf4 28. Re1 Qf3 29. Kg1 Qg3+ 30. Kf1 e5 31. Rxe5 Rxf2+ 32. Qxf2 Qxe5 33. Qf8+ Kd7 34. Qxg8 Qf4+ 35. Kg2 Qg4+ 36. Kf1 Qf3+ 37. Kg1 Ne4 38. Rh2 Qd1+ 39. Kg2 Qe2+ 40. Kg1 Qe1+ 41. Kg2 Qf2+ 42. Kh1 Qf1# 0-1

[Event "Montreal op"]
[Site "Montreal CAN"]
[Date "2001.09.03"]
[Round "6"]
[White "Esterez, Emmanuel"]
[Black "Charbonneau, Anne-Marie"]
[Result "0-1"]
[WhiteElo "2047"]
[BlackElo "1901"]
[PlyCount "70"]
[GameId "2160767911546890"]
[EventDate "2001.09.01"]
[EventType "swiss"]
[EventRounds "6"]
[EventCountry "CAN"]

1. e4 c5 2. Nf3 d6 3. d4 cxd4 4. Nxd4 Nf6 5. Nc3 e6 6. Be3 Be7 7. Be2 O-O 8. O-O Nc6 9. f4 a6 10. Bf3 Qc7 11. Nb3 Rb8 12. a4 b6 13. g4 Bb7 14. Qe2 Rfd8 15. g5 Nd7 16. f5 Nde5 17. fxe6 fxe6 18. Bg4 Bc8 19. Qg2 Bd7 20. Rad1 Rf8 21. Be2 Qb7 22. Rxf8+ Rxf8 23. Rf1 Rxf1+ 24. Qxf1 Nb4 25. Nd4 Nec6 26. Nxc6 Bxc6 27. Bc4 d5 28. exd5 exd5 29. Bb3 Bc5 30. Qf2 Qe7 31. Nd1 Qe6 32. c3 Nd3 33. Qf3 Nc1 34. Bxc5 bxc5 35. Bc2 d4 0-1

[Event "Montreal op"]
[Site "Montreal CAN"]
[Date "2001.09.03"]
[Round "6"]
[White "Fortier, Marc-Andre"]
[Black "Miron, Francois"]
[Result "1-0"]
[WhiteElo "2121"]
[BlackElo "1845"]
[PlyCount "122"]
[GameId "2160767911546891"]
[EventDate "2001.09.01"]
[EventType "swiss"]
[EventRounds "6"]
[EventCountry "CAN"]

1. e4 c5 2. Nc3 Nc6 3. g3 g6 4. Bg2 Bg7 5. d3 e6 6. Be3 d6 7. f4 Nge7 8. Nf3 O-O 9. O-O Nd4 10. Qd2 Rb8 11. Nh4 b5 12. Nd1 a5 13. c3 Ndc6 14. f5 exf5 15. exf5 Bxf5 16. Nxf5 gxf5 17. Bh6 Ne5 18. Bxg7 Kxg7 19. Ne3 Qd7 20. Bh3 f6 21. Nxf5+ Nxf5 22. Bxf5 Qc6 23. Qf4 Rbe8 24. h4 Qd5 25. Be4 Qe6 26. Rae1 Qg4 27. Qxg4+ Nxg4 28. Bc6 Rxe1 29. Rxe1 Ne5 30. Bd5 f5 31. d4 Nd3 32. Re7+ Kg6 33. Rd7 Rf6 34. g4 h6 35. Bg8 fxg4 36. Bh7+ Kh5 37. Bxd3 c4 38. Bf1 Kxh4 39. Re7 Kg3 40. a4 bxa4 41. Bxc4 a3 42. Re3+ Kf4 43. Re2 axb2 44. Rxb2 Kg3 45. Bd5 Rf8 46. c4 Re8 47. Rb3+ Kf4 48. Kf2 h5 49. c5 dxc5 50. dxc5 h4 51. c6 g3+ 52. Kf1 h3 53. Rf3+ Kg4 54. c7 h2 55. Rf7 Rh8 56. Rh7 Rf8+ 57. Ke1 Kg5 58. Rg7+ Kh4 59. Rf7 Re8+ 60. Kf1 a4 61. Rf4+ Kg5 1-0

[Event "Montreal op"]
[Site "Montreal CAN"]
[Date "2001.09.03"]
[Round "6"]
[White "Laurain, Guy"]
[Black "Ramaswamy, Kiran"]
[Result "1/2-1/2"]
[WhiteElo "2144"]
[BlackElo "1971"]
[PlyCount "110"]
[GameId "2160767911546892"]
[EventDate "2001.09.01"]
[EventType "swiss"]
[EventRounds "6"]
[EventCountry "CAN"]

1. e4 c5 2. Nf3 Nc6 3. c3 d5 4. e5 Bf5 5. Bb5 Qc7 6. O-O e6 7. d4 a6 8. Be2 cxd4 9. cxd4 Nge7 10. Nc3 Nc8 11. Nh4 Bg6 12. f4 Nxd4 13. Be3 Nxe2+ 14. Qxe2 Be7 15. Nxg6 hxg6 16. Rac1 Qd8 17. Rfd1 O-O 18. Qg4 Nb6 19. Bf2 Nd7 20. h4 Rc8 21. h5 gxh5 22. Qxh5 Bc5 23. Bxc5 Nxc5 24. b4 Nd7 25. Rd3 Qb6+ 26. Kh2 Qxb4 27. Qh4 f6 28. Rh3 Kf7 29. Nxd5 exd5 30. e6+ Ke7 31. Rxc8 Rxc8 32. exd7 Rd8 33. Qg4 g5 34. Re3+ Kd6 35. Qe6+ Kc7 36. fxg5 fxg5 37. g3 Rxd7 38. Qe5+ Qd6 39. Rc3+ Kb8 40. Qxg5 d4 41. Rd3 Qd5 42. Qxd5 Rxd5 43. Kg2 Kc7 44. Kf3 Kc6 45. Ke4 Kc5 46. g4 Kc4 47. Rd1 Rd7 48. Rc1+ Kb4 49. Kd3 Ka3 50. Rc2 b5 51. g5 b4 52. g6 a5 53. Rg2 Rg7 54. Kxd4 a4 55. Kc4 b3 1/2-1/2

[Event "Montreal op"]
[Site "Montreal CAN"]
[Date "2001.09.03"]
[Round "6"]
[White "Masse, Hugues"]
[Black "Bachand-Fleurent, Julien"]
[Result "1/2-1/2"]
[WhiteElo "2157"]
[BlackElo "2040"]
[PlyCount "44"]
[GameId "2160767911546894"]
[EventDate "2001.09.01"]
[EventType "swiss"]
[EventRounds "6"]
[EventCountry "CAN"]

1. e4 e6 2. d4 d5 3. e5 c5 4. c3 Nc6 5. Nf3 Bd7 6. Be2 f6 7. O-O fxe5 8. Nxe5 Nxe5 9. dxe5 Qc7 10. c4 Qxe5 11. cxd5 O-O-O 12. Bf3 exd5 13. Re1 Qd6 14. g3 Nf6 15. Bf4 Qb6 16. Nd2 Bd6 17. Bg5 Bc6 18. Qc2 Kb8 19. Re6 Rhe8 20. Rae1 h6 21. Bxf6 Rxe6 22. Rxe6 gxf6 1/2-1/2

[Event "Montreal op"]
[Site "Montreal CAN"]
[Date "2001.09.03"]
[Round "6"]
[White "Moisan-Plante, Marc-Olivier"]
[Black "Gravel, Simon M"]
[Result "0-1"]
[WhiteElo "2104"]
[BlackElo "2275"]
[PlyCount "62"]
[GameId "2160767911546895"]
[EventDate "2001.09.01"]
[EventType "swiss"]
[EventRounds "6"]
[EventCountry "CAN"]

1. e4 e5 2. f4 d5 3. exd5 exf4 4. Bc4 Nf6 5. Nc3 c6 6. d4 Nxd5 7. Nf3 Bd6 8. Bxd5 cxd5 9. Nxd5 Qa5+ 10. Nc3 O-O 11. O-O Nc6 12. Ne4 Bc7 13. c3 Qh5 14. b3 Bf5 15. Nf2 g5 16. Nd3 Rad8 17. Bb2 g4 18. Nfe1 f3 19. g3 Rfe8 20. Rf2 Qg6 21. Bc1 Nxd4 22. cxd4 Rxd4 23. Bb2 Rd7 24. Rd2 Red8 25. Rc1 Bb6+ 26. Kf1 f2 27. Rxf2 Bxf2 28. Kxf2 Bxd3 29. Rc5 Qb6 30. Qc1 Bg6 31. Qc3 Rd2+ 0-1

[Event "Northern Alberta op"]
[Site "Edmonton CAN"]
[Date "2001.02.25"]
[Round "5"]
[White "Gardner, Robert"]
[Black "Huber, Gregory"]
[Result "1-0"]
[WhiteElo "2359"]
[BlackElo "1343"]
[PlyCount "60"]
[GameId "2160767911610435"]
[EventDate "2001.02.23"]
[EventType "swiss"]
[EventRounds "5"]
[EventCountry "CAN"]
[SourceTitle "CFC 2001.06"]
[Source "CFC"]
[SourceDate "2001.06.??"]
[SourceVersionDate "2001.06.??"]
[SourceQuality "1"]

1. e4 e6 2. d4 d5 3. Nc3 dxe4 4. Nxe4 Nd7 5. Nf3 Ngf6 6. Ng3 Be7 7. Bc4 Nb6 8. Bb3 c5 9. c3 O-O 10. O-O cxd4 11. cxd4 Bd7 12. Ne5 Rc8 13. Re1 Nbd5 14. Bg5 Be8 15. a3 Qb6 16. Nf3 Bc6 17. Ne5 Be8 18. Rb1 Qd8 19. Qd3 Qb6 20. Bc2 Bb5 21. Qd2 Rfd8 22. Rbd1 Be8 23. h4 g6 24. Bb1 Ba4 25. Rc1 Ne8 26. Bxe7 Nxe7 27. Rxc8 Nxc8 28. Qf4 Qc7 29. Ba2 Qe7 30. Nxf7 Bd7 1-0

[Event "Ottawa Reserves"]
[Site "Ottawa CAN"]
[Date "2001.10.14"]
[Round "1"]
[White "De Kerpel, Stijn"]
[Black "Barclay, Wayne"]
[Result "0-1"]
[WhiteElo "2159"]
[BlackElo "2226"]
[PlyCount "94"]
[GameId "2160767911485087"]
[EventDate "2001.10.14"]
[EventType "tourn"]
[EventRounds "6"]
[EventCountry "CAN"]
[SourceTitle "EXT 2022"]
[Source "ChessBase"]
[SourceDate "2021.10.06"]
[SourceVersion "1"]
[SourceVersionDate "2021.10.06"]
[SourceQuality "1"]

1. c4 Nf6 2. g3 c5 3. Bg2 Nc6 4. Nc3 g6 5. e4 Bg7 6. Nge2 O-O 7. O-O d6 8. d3 a6 9. h3 Bd7 10. Be3 Rb8 11. a4 Ne8 12. d4 cxd4 13. Nxd4 Na5 14. b3 Nc7 15. Kh2 Ne6 16. Rb1 Nc6 17. Nde2 a5 18. Nd5 Nc5 19. Nd4 Ne5 20. f4 Ned3 21. f5 Re8 22. Nb5 Bxb5 23. axb5 e6 24. fxg6 fxg6 25. Nf4 Ne5 26. Qd2 Qc7 27. Rfd1 Rbd8 28. Qc2 Qf7 29. Ne2 Qc7 30. Nf4 h6 31. Rf1 Kh7 32. Kh1 b6 33. h4 Rd7 34. Rbd1 Qb7 35. Bd4 Rf7 36. Bxc5 dxc5 37. Bh3 Rf6 38. Rd6 g5 39. hxg5 hxg5 40. Nh5 Rxf1+ 41. Bxf1 Qf7 42. Qe2 Nf3 43. Kg2 Nd4 44. Qd1 Rf8 45. Nxg7 Kxg7 46. Qe1 Qf3+ 47. Kg1 Rh8 0-1

[Event "Ottawa Reserves"]
[Site "Ottawa CAN"]
[Date "2001.10.14"]
[Round "1"]
[White "Patterson, Roger"]
[Black "Devenport, Martin"]
[Result "1-0"]
[WhiteElo "2168"]
[BlackElo "2206"]
[PlyCount "115"]
[GameId "2160767911485088"]
[EventDate "2001.10.14"]
[EventType "tourn"]
[EventRounds "6"]
[EventCountry "CAN"]
[SourceTitle "EXT 2022"]
[Source "ChessBase"]
[SourceDate "2021.10.06"]
[SourceVersion "1"]
[SourceVersionDate "2021.10.06"]
[SourceQuality "1"]

1. e4 e5 2. Nf3 Nc6 3. Bb5 a6 4. Ba4 Nf6 5. O-O Nxe4 6. d4 exd4 7. Re1 d5 8. Nxd4 Bd6 9. Nxc6 Bxh2+ 10. Kh1 Qh4 11. Rxe4+ dxe4 12. Qd8+ Qxd8 13. Nxd8+ Kxd8 14. Kxh2 Be6 15. Be3 f5 16. Nd2 Ke7 17. g4 g6 18. g5 h6 19. gxh6 Rxh6+ 20. Bxh6 Rh8 21. Bb3 Rxh6+ 22. Kg2 g5 23. Rh1 Rxh1 24. Kxh1 Bd7 25. Kg1 Kf6 26. Kf1 Bc6 27. Ke2 f4 28. c3 b5 29. Bc2 Ke5 30. f3 e3 31. Nb3 Bd7 32. Nc5 Bc8 33. Be4 a5 34. Bg6 Bf5 35. Bxf5 Kxf5 36. Nb3 g4 37. Nd4+ Kg5 38. fxg4 Kxg4 39. Nxb5 f3+ 40. Kxe3 Kg3 41. Nd4 f2 42. Ne2+ Kg2 43. Nf4+ Kg3 44. Ke2 Kxf4 45. Kxf2 Ke4 46. Ke2 a4 47. b3 axb3 48. axb3 c6 49. Kd2 c5 50. Ke2 Kd5 51. Kf3 Ke5 52. Ke3 Kd5 53. Kf4 Kd6 54. Ke4 Ke6 55. c4 Kd6 56. Kf5 Kd7 57. Ke5 Kc6 58. Ke6 1-0

[Event "Ottawa Reserves"]
[Site "Ottawa CAN"]
[Date "2001.10.15"]
[Round "2"]
[White "Barclay, Wayne"]
[Black "Patterson, Roger"]
[Result "1-0"]
[WhiteElo "2226"]
[BlackElo "2168"]
[PlyCount "73"]
[GameId "2160767911485089"]
[EventDate "2001.10.14"]
[EventType "tourn"]
[EventRounds "6"]
[EventCountry "CAN"]
[SourceTitle "EXT 2022"]
[Source "ChessBase"]
[SourceDate "2021.10.06"]
[SourceVersion "1"]
[SourceVersionDate "2021.10.06"]
[SourceQuality "1"]

1. d4 Nf6 2. c4 e6 3. Nc3 Bb4 4. e3 O-O 5. Bd3 c5 6. Nf3 d6 7. Qc2 Nc6 8. a3 Bxc3+ 9. Qxc3 Qc7 10. O-O e5 11. dxe5 dxe5 12. Ng5 Bd7 13. b4 Rae8 14. Bb2 Nd8 15. Rad1 Ne6 16. Nxh7 Nxh7 17. Bxh7+ Kxh7 18. Qd3+ e4 19. Qxd7 Rd8 20. Qxc7 Nxc7 21. Be5 Ne6 22. Bd6 Rfe8 23. bxc5 Rd7 24. Rd5 Rc8 25. h4 b6 26. cxb6 axb6 27. Rb1 Rc6 28. Be5 Ra7 29. Bd6 Ra6 30. Bb4 Rxc4 31. Rd7 Kg6 32. Rbd1 Nc7 33. R1d6+ f6 34. Re7 Nb5 35. Rdd7 f5 36. Rxg7+ Kf6 37. h5 1-0

[Event "Ottawa Reserves"]
[Site "Ottawa CAN"]
[Date "2001.11.05"]
[Round "2"]
[White "Devenport, Martin"]
[Black "De Kerpel, Stijn"]
[Result "1/2-1/2"]
[WhiteElo "2206"]
[BlackElo "2159"]
[PlyCount "44"]
[GameId "2160767911485090"]
[EventDate "2001.10.14"]
[EventType "tourn"]
[EventRounds "6"]
[EventCountry "CAN"]
[SourceTitle "EXT 2022"]
[Source "ChessBase"]
[SourceDate "2021.10.06"]
[SourceVersion "1"]
[SourceVersionDate "2021.10.06"]
[SourceQuality "1"]

1. d4 d5 2. Bg5 h6 3. Bh4 c6 4. Nc3 Qb6 5. Rb1 Bf5 6. e3 e6 7. Bd3 Bxd3 8. cxd3 Nd7 9. Nf3 Bd6 10. Bg3 Bxg3 11. hxg3 Ngf6 12. O-O O-O 13. b4 Rfe8 14. b5 c5 15. Na4 Qd6 16. dxc5 Nxc5 17. Nxc5 Qxc5 18. Qd2 Rec8 19. Rfc1 Qf8 20. Rxc8 Rxc8 21. Rc1 Rc5 22. Rxc5 Qxc5 1/2-1/2

[Event "Ottawa Reserves"]
[Site "Ottawa CAN"]
[Date "2001.11.12"]
[Round "3"]
[White "De Kerpel, Stijn"]
[Black "Patterson, Roger"]
[Result "1/2-1/2"]
[WhiteElo "2159"]
[BlackElo "2168"]
[PlyCount "103"]
[GameId "2160767911485091"]
[EventDate "2001.10.14"]
[EventType "tourn"]
[EventRounds "6"]
[EventCountry "CAN"]
[SourceTitle "EXT 2022"]
[Source "ChessBase"]
[SourceDate "2021.10.06"]
[SourceVersion "1"]
[SourceVersionDate "2021.10.06"]
[SourceQuality "1"]

1. c4 e5 2. g3 Nc6 3. Bg2 g6 4. Nc3 Bg7 5. e4 d6 6. Nge2 f5 7. d3 Nf6 8. O-O O-O 9. exf5 gxf5 10. Bg5 Ne7 11. Qd2 c6 12. d4 Qc7 13. Rad1 Be6 14. b3 Rad8 15. Rfe1 Bc8 16. Qc1 Ng6 17. h3 a6 18. d5 c5 19. Kh2 Bd7 20. Ng1 b5 21. Nf3 Rde8 22. Nh4 Nxh4 23. Bxh4 h6 24. Rd2 bxc4 25. bxc4 Rb8 26. Bf3 Rb4 27. Be2 Qa5 28. Rc2 Qc7 29. Rg1 Nh7 30. f3 Kh8 31. g4 fxg4 32. fxg4 Rbb8 33. Qe3 Rf4 34. Bg3 Rf7 35. Ne4 Ba4 36. Rd2 Qe7 37. h4 Rg8 38. g5 Nf8 39. Bh5 Rf4 40. Qe2 Be8 41. Bxe8 Rxe4 42. Qxe4 Qxe8 43. Rf2 Ng6 44. Rgf1 Nf4 45. Kh1 Qd7 46. Rh2 Rb8 47. Bxf4 exf4 48. Qg6 Qg4 49. Qxd6 Rb1 50. Rxb1 Qf3+ 51. Rg2 Qh3+ 52. Rh2 1/2-1/2

[Event "Ottawa Reserves"]
[Site "Ottawa CAN"]
[Date "2001.11.12"]
[Round "3"]
[White "Devenport, Martin"]
[Black "Barclay, Wayne"]
[Result "1-0"]
[WhiteElo "2206"]
[BlackElo "2226"]
[PlyCount "79"]
[GameId "2160767911485092"]
[EventDate "2001.10.14"]
[EventType "tourn"]
[EventRounds "6"]
[EventCountry "CAN"]
[SourceTitle "EXT 2022"]
[Source "ChessBase"]
[SourceDate "2021.10.06"]
[SourceVersion "1"]
[SourceVersionDate "2021.10.06"]
[SourceQuality "1"]

1. e4 e6 2. d3 d5 3. Nd2 c5 4. Ngf3 Nf6 5. g3 Nc6 6. Bg2 Be7 7. O-O O-O 8. e5 Nd7 9. Re1 b5 10. Nf1 a5 11. h4 Ba6 12. Bf4 b4 13. N1h2 Bb5 14. Ng5 Qe8 15. Bh3 Nb6 16. Bf1 a4 17. a3 Rc8 18. Rb1 Nd4 19. c3 bxc3 20. bxc3 Nb3 21. c4 dxc4 22. dxc4 Bxg5 23. Bxg5 Bxc4 24. Qg4 h5 25. Qxh5 Bxf1 26. Bf6 Bd3 27. Qg5 Bg6 28. Ng4 Nd4 29. Re3 Nd5 30. Bxg7 f6 31. Qh6 Bxb1 32. exf6 Bh7 33. Qg5 Bg6 34. Nh6+ Kh7 35. Nf7 Nxe3 36. Qh6+ Kg8 37. Ng5 Nf3+ 38. Nxf3 Bh7 39. Ne5 Nf5 40. Qg5 1-0

[Event "Ottawa Reserves"]
[Site "Ottawa CAN"]
[Date "2001.10.29"]
[Round "4"]
[White "Barclay, Wayne"]
[Black "De Kerpel, Stijn"]
[Result "1-0"]
[WhiteElo "2226"]
[BlackElo "2159"]
[PlyCount "51"]
[GameId "2160767911485093"]
[EventDate "2001.10.14"]
[EventType "tourn"]
[EventRounds "6"]
[EventCountry "CAN"]
[SourceTitle "EXT 2022"]
[Source "ChessBase"]
[SourceDate "2021.10.06"]
[SourceVersion "1"]
[SourceVersionDate "2021.10.06"]
[SourceQuality "1"]

1. d4 d5 2. c4 dxc4 3. Nf3 Nf6 4. e3 e6 5. Bxc4 c5 6. O-O Nc6 7. Nc3 a6 8. Qe2 Be7 9. dxc5 Bxc5 10. Rd1 Qc7 11. a3 O-O 12. b4 Bd6 13. Bb2 Ne5 14. Nxe5 Bxe5 15. f4 Bd6 16. Rac1 Qe7 17. Qf3 Rb8 18. Qg3 Nh5 19. Qh3 Nf6 20. Qh4 e5 21. Kh1 Bf5 22. Qg5 Bg6 23. f5 h6 24. Qxg6 e4 25. Nxe4 Ne8 26. Nxd6 1-0

[Event "Ottawa Reserves"]
[Site "Ottawa CAN"]
[Date "2001.11.18"]
[Round "4"]
[White "Devenport, Martin"]
[Black "Patterson, Roger"]
[Result "1-0"]
[WhiteElo "2206"]
[BlackElo "2168"]
[PlyCount "101"]
[GameId "2160767911485094"]
[EventDate "2001.10.14"]
[EventType "tourn"]
[EventRounds "6"]
[EventCountry "CAN"]
[SourceTitle "EXT 2022"]
[Source "ChessBase"]
[SourceDate "2021.10.06"]
[SourceVersion "1"]
[SourceVersionDate "2021.10.06"]
[SourceQuality "1"]

1. d4 d5 2. c4 dxc4 3. Nf3 Nf6 4. e3 a6 5. Bxc4 e6 6. O-O c5 7. Qe2 cxd4 8. exd4 Be7 9. Nc3 O-O 10. Rd1 b5 11. Bb3 Bb7 12. Be3 Qd6 13. Rac1 Nbd7 14. a4 b4 15. Nb1 a5 16. Bc4 Rfc8 17. Nbd2 Nb6 18. Bb5 Qd5 19. Bf4 Bd6 20. Be5 Rxc1 21. Rxc1 Rc8 22. Rxc8+ Bxc8 23. Bxd6 Qxd6 24. Qe5 Qxe5 25. Nxe5 Kf8 26. Ndc4 Nxc4 27. Nxc4 Bd7 28. Bxd7 Nxd7 29. Nxa5 Nb6 30. b3 Ke8 31. Nc6 Nd5 32. a5 Kd7 33. Ne5+ Kc7 34. Nxf7 Nf4 35. Kf1 Kb7 36. g3 Nd3 37. Ng5 Ka6 38. Nxe6 Kxa5 39. Nc5 Nc1 40. f4 Kb5 41. Kf2 Kc6 42. Ke3 Kd5 43. g4 Na2 44. Nd3 g6 45. h4 h6 46. f5 gxf5 47. gxf5 Kd6 48. Kf4 Kd5 49. Kg4 Nc3 50. Nxb4+ Kxd4 51. f6 1-0

[Event "Ottawa Reserves"]
[Site "Ottawa CAN"]
[Date "2001.10.28"]
[Round "5"]
[White "De Kerpel, Stijn"]
[Black "Devenport, Martin"]
[Result "1/2-1/2"]
[WhiteElo "2159"]
[BlackElo "2206"]
[PlyCount "67"]
[GameId "2160767911485095"]
[EventDate "2001.10.14"]
[EventType "tourn"]
[EventRounds "6"]
[EventCountry "CAN"]
[SourceTitle "EXT 2022"]
[Source "ChessBase"]
[SourceDate "2021.10.06"]
[SourceVersion "1"]
[SourceVersionDate "2021.10.06"]
[SourceQuality "1"]

1. c4 c6 2. g3 d5 3. Bg2 Nf6 4. Nf3 Bf5 5. cxd5 cxd5 6. Qb3 Qb6 7. Qxb6 axb6 8. Nc3 Nc6 9. Nh4 Be6 10. Nb5 Ra5 11. a4 Nb4 12. O-O Nc2 13. Rb1 Bd7 14. d3 Bxb5 15. axb5 e6 16. Bf4 Nd4 17. Kh1 Nxe2 18. Be3 Bc5 19. b4 Bxe3 20. bxa5 Bd4 21. Nf3 Bc5 22. Rfe1 Nd4 23. axb6 Kd7 24. Ne5+ Ke7 25. h3 Bxb6 26. Rb2 Ra8 27. Kg1 Nd7 28. Nf3 Ra3 29. Rd1 Nxf3+ 30. Bxf3 Bd4 31. Rb4 Bc5 32. Rb2 Bd4 33. Rb4 Bc5 34. Rb2 1/2-1/2

[Event "Ottawa Reserves"]
[Site "Ottawa CAN"]
[Date "2001.11.05"]
[Round "5"]
[White "Patterson, Roger"]
[Black "Barclay, Wayne"]
[Result "1-0"]
[WhiteElo "2168"]
[BlackElo "2226"]
[PlyCount "61"]
[GameId "2160767911485096"]
[EventDate "2001.10.14"]
[EventType "tourn"]
[EventRounds "6"]
[EventCountry "CAN"]
[SourceTitle "EXT 2022"]
[Source "ChessBase"]
[SourceDate "2021.10.06"]
[SourceVersion "1"]
[SourceVersionDate "2021.10.06"]
[SourceQuality "1"]

1. e4 e5 2. Nf3 Nc6 3. Bb5 a6 4. Ba4 Nf6 5. O-O Be7 6. Re1 b5 7. Bb3 d6 8. c3 O-O 9. h3 Na5 10. Bc2 c5 11. d4 Qc7 12. Nbd2 cxd4 13. cxd4 Nc6 14. d5 Nb4 15. Bb1 a5 16. Nf1 Bd7 17. a3 Na6 18. g4 g6 19. Ng3 Nc5 20. Be3 Rfc8 21. Bc2 Bd8 22. Rc1 Qb7 23. b3 Bb6 24. Qd2 Be8 25. Kg2 Na6 26. Bg5 Nd7 27. Be7 Qb8 28. Qh6 f6 29. g5 Bd8 30. gxf6 Ra7 31. Qg7# 1-0